000 01853nab a2200265 4500
001 768714001
003 CO-MdFUSB
005 20240313151605.0
008 171010s2016 xxu||||| |||| 00| 0 eng d
022 _a1669-8649
040 _aCO-MdFUSB
_bspa
_cCO-MdFUSB
_dCO-MdFUSB
041 _aeng
100 _aWieland, Alfonso
_eautor
242 _aJusticia social y la misión de la iglesia
245 _aSocial justice and the mission of the church
_c/ Alfredo Wieland
300 _aVolumen 11, número 1 (2016), páginas 99-102
_c: 20 cm.
520 1 _aLa biblia habla sobre la justicia en términos de relación entre seres humanos y otros seres humanos, Dios y la misma creación. La justicia es una clara señal en el Reino de Dios en ambos presente y futuro, un requisito ético que es tan personal como en los social, porque de las injusticias que ocurren en las relaciones sociales, Dios demanda fidelidad a la justicia, particularmente a su pueblo escogido pero también a todas las naciones. Las injusticias son casi siempre el abuso de poder individual o estructural, o ambos. Pero aquellos que mantienen una postura neutral o indiferente frente a la violación de los derechos de otros también serán acusados de injusticia.
546 _aTexto en inglés
650 7 _96929
_aJusticia social
_xAspectos religiosos
_xCristianismo
773 _049416
_976183
_gVolumen 11, número 1 (2016), páginas 99-102
_qPágina 99
_tJournal of Latin American Theology
773 _049416
_982396
_gVolumen 11, número 1 (2016), páginas 99-102
_qPágina 99
_tJournal of Latin American Theology
773 _049416
_982481
_gVolumen 11, número 1 (2016), páginas 99-102
_qPágina 99
_tJournal of Latin American Theology
773 _049416
_982482
_gVolumen 11, número 1 (2016), páginas 99-102
_qPágina 99
_tJournal of Latin American Theology
942 _cANA
999 _c64070
_d64070